| 000 | 00403nam a2200109Ia 4500 | ||
|---|---|---|---|
| 008 | 220204s9999 xx 000 0 und d | ||
| 082 |
_aNR:63:930.25 _bARC.15 |
||
| 245 | 0 | _aAnalaysis of variance and additional information relating to investigations into the relationship between stock and scion in budded trees of Hevea brasiliensis | |
| 260 |
_bRRIM _c1961 |
||
| 490 | _aRRIM Archives No.15 | ||
| 942 | _cBK | ||
| 999 |
_c22739 _d22739 |
||